Dredging, Progress In Equipment And Methods : Proceedings of WODCON IX, Ninth World Dredging Conference, Vancouver, British Columbia, Canada, October 29 to 31, 1980 / (Record no. 26730)
[ view plain ]
| 000 -LEADER | |
|---|---|
| fixed length control field | 00989nam a22002417a 4500 |
| 001 - CONTROL NUMBER | |
| control field | 0000002367 |
| 003 - CONTROL NUMBER IDENTIFIER | |
| control field | PPM |
| 005 - DATE AND TIME OF LATEST TRANSACTION | |
| control field | 20250908124305.0 |
| 008 - FIXED-LENGTH DATA ELEMENTS--GENERAL INFORMATION | |
| fixed length control field | 250908b ||||| |||| 00| 0 eng d |
| 020 ## - INTERNATIONAL STANDARD BOOK NUMBER | |
| Qualifying information | Hardback |
| 035 ## - SYSTEM CONTROL NUMBER | |
| System control number | 0000002367, 0000002368 |
| 040 ## - CATALOGING SOURCE | |
| Language of cataloging | Eng |
| Transcribing agency | Pusat Penyelidikan Mineral, jabatan Mineral Dan Geosains Malaysia |
| Description conventions | rda |
| 082 00 - DEWEY DECIMAL CLASSIFICATION NUMBER | |
| Edition number | 23 |
| Classification number | 627.73 |
| Item number | DRE 1980 |
| 111 2# - MAIN ENTRY--MEETING NAME | |
| Meeting name or jurisdiction name as entry element | World Dredging Conference (9th : 1980 ) |
| Location of meeting | Vancouver, B.C. |
| 245 14 - TITLE STATEMENT | |
| Title | Dredging, Progress In Equipment And Methods : Proceedings of WODCON IX, Ninth World Dredging Conference, Vancouver, British Columbia, Canada, October 29 to 31, 1980 / |
| Statement of responsibility, etc. | edited by Judith Powers |
| 260 #1 - PUBLICATION, DISTRIBUTION, ETC. | |
| Place of publication, distribution, etc. | Long Beach, California : |
| Name of publisher, distributor, etc. | Symcon Pub. Co., |
| Date of publication, distribution, etc. | 1980 |
| 300 00 - PHYSICAL DESCRIPTION | |
| Extent | xv, 945 pages .: |
| Other physical details | graph, maps, illustrations .; |
| Dimensions | 24 cm |
| 504 ## - BIBLIOGRAPHY, ETC. NOTE | |
| Bibliography, etc. note | Includes bibliographical references. |
| 650 10 - SUBJECT ADDED ENTRY--TOPICAL TERM | |
| Topical term or geographic name entry element | Dredging |
| General subdivision | Congresses. |
| 700 1# - ADDED ENTRY--PERSONAL NAME | |
| Personal name | Powers, Judith |
| Relator term | editor |
| 710 2# - ADDED ENTRY--CORPORATE NAME | |
| Corporate name or jurisdiction name as entry element | Western Dredging Association |
| 942 ## - ADDED ENTRY ELEMENTS (KOHA) | |
| Source of classification or shelving scheme | |
| Koha item type | Books |
| Withdrawn status | Lost status | Source of classification or shelving scheme | Damaged status | Not for loan | Collection code | Permanent Location | Current Location | Shelving location | Date acquired | Total Checkouts | Full call number | Date last seen | Price effective from | Koha item type |
|---|---|---|---|---|---|---|---|---|---|---|---|---|---|---|
| Available | Open Shelf | PPM | PPM | Open Shelf | 08/09/2025 | 627.73 DRE 1980 | 08/09/2025 | 08/09/2025 | Books | |||||
| Available | Open Shelf | PPM | PPM | Open Shelf | 08/09/2025 | 627.73 DRE 1980 | 08/09/2025 | 08/09/2025 | Books |